000
00319nam a22001337a 4500
008
180903b xxu||||| |||| 00| 0 eng d
020
_a
071831006998
041
_a
eng
080
_a
038
100
_a
23
101
_a
FJA
245
_a
The oxford Dictionary of American Usage and Style
_c
Garner, B.A
942
_2
udc
_c
BK
999
_c
47469
_d
47469